MARC details
| 000 -LEADER |
| fixed length control field |
02272nam a22003737a 4500 |
| 001 - CONTROL NUMBER |
| control field |
105866 |
| 003 - CONTROL NUMBER IDENTIFIER |
| control field |
KnowledgeUnlatched |
| 005 - DATE AND TIME OF LATEST TRANSACTION |
| control field |
20210303104936.0 |
| 006 - FIXED-LENGTH DATA ELEMENTS--ADDITIONAL MATERIAL CHARACTERISTICS |
| fixed length control field |
m o d |
| 007 - PHYSICAL DESCRIPTION FIXED FIELD--GENERAL INFORMATION |
| fixed length control field |
cr u|||||||||| |
| 008 - FIXED-LENGTH DATA ELEMENTS--GENERAL INFORMATION |
| fixed length control field |
210129p20192020xx o u00| u ger d |
| 037 ## - SOURCE OF ACQUISITION |
| Institution to which field applies |
BiblioBoard |
| 020 ## - INTERNATIONAL STANDARD BOOK NUMBER |
| International Standard Book Number |
9783205209874 |
| 024 8# - OTHER STANDARD IDENTIFIER |
| Standard number or code |
https://doi.org/10.7767/9783205209874 |
| 029 1# - OTHER SYSTEM CONTROL NUMBER (OCLC) |
| OCLC library identifier |
https://library.biblioboard.com/ext/api/media/a667e87b-7ff1-4055-b77f-7529ca49dc79/assets/thumbnail.jpg |
| 040 ## - CATALOGING SOURCE |
| Original cataloging agency |
ScCtBLL |
| Transcribing agency |
ScCtBLL |
| 100 1# - MAIN ENTRY--PERSONAL NAME |
| Personal name |
Gebke, Julia |
| Relator term |
author. |
| 245 00 - TITLE STATEMENT |
| Title |
(Fremd)Körper |
| Remainder of title |
Die Stigmatisierung der Neuchristen im Spanien der Frühen Neuzeit / |
| Statement of responsibility, etc. |
Julia Gebke. |
| 250 ## - EDITION STATEMENT |
| Edition statement |
1 ed. |
| 264 #1 - PRODUCTION, PUBLICATION, DISTRIBUTION, MANUFACTURE, AND COPYRIGHT NOTICE |
| Name of producer, publisher, distributor, manufacturer |
Böhlau, |
| 300 ## - PHYSICAL DESCRIPTION |
| Extent |
1 online resource (1 p.) |
| 506 0# - RESTRICTIONS ON ACCESS NOTE |
| Terms governing access |
Access copy available to the general public. |
| Standardized terminology for access restriction |
Unrestricted |
| Source of term |
star |
| 520 ## - SUMMARY, ETC. |
| Summary, etc. |
Um Mechanismen der Ausgrenzung, Diskriminierung und Verfolgung zu durchschauen, ihnen vorzubeugen und sie beizeiten zu bekämpfen, müssen wir sie verstehen. Die Blutreinheitsideologie (spanisch "limpieza de sangre") unterteilte die frühneuzeitliche iberische Gesellschaft in zwei Gruppen: Altchristen und Neuchristen. Julia Gebke analysiert in ihrer Arbeit anhand von drei durch die Blutreinheitsideologen propagierten körperlichen Markierungen im Schnittfeld von Theologie und Medizin die verstärkte Stigmatisierung des neuchristlichen Körpers. Neuchristliche Muttermilch, "jüdisch-männliche" Menstruation und neuchristlicher Körpergeruch wurden, speziell an der Schwelle vom 16. zum 17. Jahrhundert, von Befürwortern und Gegnern der Blutreinheitsideologie kontrovers diskutiert. |
| 588 0# - SOURCE OF DESCRIPTION NOTE |
| Source of description note |
Description based on print version record. |
| 590 ## - LOCAL NOTE (RLIN) |
| Local note |
KU Open Services |
| 650 #7 - SUBJECT ADDED ENTRY--TOPICAL TERM |
| Topical term or geographic name entry element |
Religion / Biblical Studies / History & Culture |
| Source of heading or term |
bisacsh |
| 650 #0 - SUBJECT ADDED ENTRY--TOPICAL TERM |
| Topical term or geographic name entry element |
Religion |
| 655 #0 - INDEX TERM--GENRE/FORM |
| Genre/form data or focus term |
Electronic books. |
| 758 ## - |
| -- |
Is found in: |
| -- |
Knowledge Unlatched |
| -- |
https://openresearchlibrary.org/module/2774bc74-146a-484f-a7ba-ab1d6a09bbfb |
| 856 40 - ELECTRONIC LOCATION AND ACCESS |
| Uniform Resource Identifier |
<a href="https://openresearchlibrary.org/content/a667e87b-7ff1-4055-b77f-7529ca49dc79">https://openresearchlibrary.org/content/a667e87b-7ff1-4055-b77f-7529ca49dc79</a> |
| Public note |
View this content on Open Research Library. |
| -- |
0 |